Encyklopedie starověkého Egypta /

Hlavní autor: Verner, Miroslav, 1941-
Další autoři: Bareš, Ladislav, 1952-, Vachala, Břetislav, 1952-2020
Jazyk: Čeština
Vydáno: Praha : Libri, 2007
Vydání: 1. vyd.
Témata:
Fyzický popis: 527 s. : il., mapy, plány ; 21 cm
Knihy
Uloženo v:
LEADER 01978nam a2200517 a 4500
001 nkc20061700452
003 CZ PrNK
005 20071227171239.0
007 ta
008 061205s2007 xr abe e e 000 0dcze
015 |a cnb001700452 
020 |a 978-80-7277-306-0  |q (brož.) :  |c Kč 498,00 
035 |a (OCoLC)190752111 
040 |a ABA001  |b cze 
043 |a f-ua--- 
072 7 |a 94(3)  |x Dějiny zemí starověkého světa  |2 Konspekt  |9 8 
080 |a 316.72/.75  |2 MRF 
080 |a 80(=412)+908(32)  |2 MRF 
080 |a 94(32)  |2 MRF 
080 |a (32)  |2 MRF 
080 |a (031)  |2 MRF 
100 1 |a Verner, Miroslav,  |d 1941-  |7 jn19981002321  |4 aut 
245 1 0 |a Encyklopedie starověkého Egypta /  |c Miroslav Verner, Ladislav Bareš, Břetislav Vachala 
250 |a 1. vyd. 
260 |a Praha :  |b Libri,  |c 2007 
300 |a 527 s. :  |b il., mapy, plány ;  |c 21 cm 
500 |a Vychází u příležitosti 50. výročí založení Českého egyptologického ústavu Filozofické fakulty Univerzity Karlovy v Praze 
500 |a Chronologický přehled 
500 |a 1800 výt. 
504 |a Obsahuje bibliografii 
650 0 7 |a kultura a společnost  |7 ph122010  |z starověký Egypt  |2 czenas 
650 0 7 |a egyptologie  |7 ph119779  |x dějiny  |2 czenas 
650 0 9 |a culture and society  |z Egypt  |2 eczenas 
650 0 9 |a Egyptology  |x history  |2 eczenas 
651 7 |a starověký Egypt  |7 ge146585  |x dějiny  |2 czenas 
651 9 |a Egypt  |x history  |2 eczenas 
655 7 |a encyklopedie  |7 fd132201  |2 czenas 
655 9 |a encyclopedias  |2 eczenas 
700 1 |a Bareš, Ladislav,  |d 1952-  |7 jn19990209016  |4 aut 
700 1 |a Vachala, Břetislav,  |d 1952-2020  |7 jk01141128  |4 aut 
910 2 |a BOA001  |b 2-1193.854 
990 |a BK 
995 |a 01 
991 |b 200711  |c NOV 
996 6 |b 2610323869  |c 2-1193.854  |l MZK  |r Sklad / do 1 hodiny  |n 12  |p p.v.  |w 000872218  |u 000010  |a 1  |e BOA001  |j MZK50  |s P 
996 7 |b 2610326706  |c 2-1193.854  |l Vol.výběr  |r VV 1p  |n 45  |p kup  |h 94(3) VER  |w 000872218  |u 000020  |a 0  |e BOA001  |j MZK50  |s A